|
|
|
|
| LEADER |
00000cam a22000004a 4500 |
| 001 |
musev2_28082 |
| 003 |
MdBmJHUP |
| 005 |
20230905042955.0 |
| 006 |
m o d |
| 007 |
cr||||||||nn|n |
| 008 |
111003s2002 dcu o 00 0 eng d |
| 020 |
|
|
|a 9781597973144
|
| 020 |
|
|
|z 1574883453
|
| 020 |
|
|
|z 1597973149
|
| 020 |
|
|
|z 9781574883459
|
| 035 |
|
|
|a (OCoLC)755569762
|
| 040 |
|
|
|a MdBmJHUP
|c MdBmJHUP
|
| 100 |
1 |
|
|a Shulsky, Abram N.
|
| 245 |
1 |
0 |
|a Silent Warfare :
|b Understanding the World of Intelligence, 3d Edition /
|c Abram N. Shulsky, Gary J. Schmitt.
|
| 250 |
|
|
|a 3rd ed., rev.
|
| 264 |
|
1 |
|a Washington, D.C. :
|b Brassey's, Inc.,
|c 2002.
|
| 264 |
|
3 |
|a Baltimore, Md. :
|b Project MUSE,
|c 2015
|
| 264 |
|
4 |
|c ©2002.
|
| 300 |
|
|
|a 1 online resource (262 pages).
|
| 336 |
|
|
|a text
|b txt
|2 rdacontent
|
| 337 |
|
|
|a computer
|b c
|2 rdamedia
|
| 338 |
|
|
|a online resource
|b cr
|2 rdacarrier
|
| 505 |
0 |
|
|a What is intelligence? -- Spies, machines, and libraries : collecting the data -- What does it all mean? : intelligence analysis and production -- Working behind the scenes : covert action -- Spy versus spy : counterintelligence -- Guarding the guardians : the management of intelligence -- Two views of intelligence -- Toward a theory of intelligence.
|
| 520 |
|
|
|a A primer on intelligence, with an analysis that exposes the flaws in the conventional wisdom of today's intelligence community.
|
| 588 |
|
|
|a Description based on print version record.
|
| 650 |
|
7 |
|a Geheimdienst
|2 gnd
|
| 650 |
|
7 |
|a Intelligence service.
|2 fast
|0 (OCoLC)fst00975848
|
| 650 |
|
7 |
|a TRUE CRIME
|x Espionage.
|2 bisacsh
|
| 650 |
|
7 |
|a POLITICAL SCIENCE
|x Political Freedom & Security
|x Intelligence.
|2 bisacsh
|
| 650 |
|
6 |
|a Service des renseignements.
|
| 650 |
|
0 |
|a Intelligence service
|z United States.
|
| 650 |
|
0 |
|a Intelligence service.
|
| 651 |
|
7 |
|a United States.
|2 fast
|0 (OCoLC)fst01204155
|
| 655 |
|
7 |
|a Electronic books.
|2 local
|
| 700 |
1 |
|
|a Schmitt, Gary James,
|d 1952-
|
| 773 |
0 |
|
|t EBL
|
| 710 |
2 |
|
|a Project Muse.
|e distributor
|
| 830 |
|
0 |
|a Book collections on Project MUSE.
|
| 856 |
4 |
0 |
|z Texto completo
|u https://projectmuse.uam.elogim.com/book/28082/
|
| 945 |
|
|
|a Project MUSE - Custom Collection
|
| 945 |
|
|
|a Project MUSE - Archive Complete Supplement III
|
| 945 |
|
|
|a Project MUSE - Archive Political Science and Policy Studies Supplement III
|